Alle Bahnhaltestellen in Bremen und Niedersachsen - Statistiken

Allgemein
  • Dieses Quiz wurde 73 mal gespielt
    40 seit der letzten Aktualisierung
  • Das Durchschnittsergebnis liegt bei 80 aus 400
Antwortstatistiken
Linien, die halten Haltestelle % Korrekt
RE 1, RE 2, RE 3, RE 8, RE 10, RE 30, RE 60, RE 70, RB 38, S 1, S 2, S 3, S 4, S 5, S 6, S 7 Hannover Hauptbahnhof
82%
RE 1, RE 4, RE 8, RE 9, RB 37, RB 41, RB 58, RS 1, RS 2, RS 3, RS 4, RS 30 Bremen Hauptbahnhof
79%
RE 1, RB 58, RS 3, RS 4, RS 30 Delmenhorst
67%
RE 1, RE 18, RS 3, RS 30 Oldenburg (Oldb) Hauptbahnhof
67%
RE 2, RE 3, RE 20, RB 37, RB 47 Uelzen
67%
RE 2, RE 3, S 6, S 7 Celle
64%
RE 1, RE 2, RB 80, RB 82, RB 83, RB 87 Göttingen
64%
RE 2, RE 9, RE 18, RE 60, RE 62, RB 58, RB 61, RB 66, RB 75 Osnabrück Hauptbahnhof
64%
RE 5, RB 33 Cuxhaven
61%
RE 1, RE 15 Emden Hauptbahnhof
61%
RE 50, RE 60, RE 70, RB 40, RB 42, RB 43, RB 44, RB 45, RB 46, RB 47, RB 48 Braunschweig Hauptbahnhof
58%
RE 3, RE 83, RB 31, RB 32 Lüneburg
58%
RE 1, RE 8, RE 78, S 2 Nienburg (Weser)
58%
RE 6, RE 30, RE 50, RB 35, RB 36 Wolfsburg Hauptbahnhof
58%
RE 1, RE 8, RB 37, RS 1 Achim
55%
RE 8, RE 9, RB 33, RS 2 Bremerhaven Hauptbahnhof
55%
RE 5, RB 33, S 3 Buxtehude
55%
RE 4, RE 10, RE 21, RB 43, RB 82 Goslar
55%
RE 1, RS 3, RS 4, RS 30 Hude
55%
RE 1 Norden
55%
RE 5, S 3 Stade
55%
RE 1, RE 8, RS 1, RS 6 Verden (Aller)
55%
RE 18, RB 59 Wilhelmshaven
55%
RE 4, RB 41, RB 38 Buchholz (Nordheide)
52%
RB 77, S 5 Hameln
52%
RE 4, RB 41, RS 6 Rotenburg (Wümme)
52%
RE 18 Cloppenburg
48%
RE 10, RE 50, RB 77, RB 79, S 3, S 4 Hildesheim Hauptbahnhof
48%
RE 1, RE 15 Leer (Ostfriesland)
48%
RE 8, RE 9, RS 2 Osterholz-Scharmbeck
48%
RE 1, RS 30 Bad Zwischenahn
45%
RE 1, RE 8, RB 37, RS 1 Bremen-Mahndorf
45%
RE 8, RE 9, RB 33, RS 2 Bremerhaven-Lehe
45%
RE 1, RE 8, S 2 Neustadt am Rübenberge
45%
RB 37, RB 38 Soltau (Han)
45%
RE 1, RE 8, RE 60, RE 70, S 1, S 2 Wunstorf
45%
RE 15 Lingen (Ems)
42%
RE 15 Meppen
42%
RE 1 Norddeich
42%
RB 56 Nordhorn
42%
RE 30, RB 47 Gifhorn
39%
RE 30, RE 60, RE 70, S 3, S 7 Lehrte
39%
RE 60, RE 62, RB 61 Melle
39%
RS 4 Nordenham
39%
RE 4, RB 41 Tostedt
39%
RE 1 Augustfehn
36%
RE 10, RB 42, RB 82 Bad Harzburg
36%
RB 41 Bremen-Oberneuland
36%
RB 59 Esens (Ostfriesl)
36%
S 4 Hannover Messe/Laatzen
36%
RB 59 Jever
36%
RE 15 Papenburg (Ems)
36%
S 1, S 2 Seelze
36%
RB 41 Sprötze
36%
RE 9, RS 2 Syke
36%
RE 9, RS 2 Twistringen
36%
RE 18 Varel (Oldb)
36%
RS 1, RS 2 Bremen-Burg
33%
RS 1 Bremen-Farge
33%
RB 33 Bremervörde
33%
S 6, S 7 Burgdorf
33%
RB 37, RS 1 Langwedel
33%
RB 37 Munster (Örtze)
33%
RE 60, RE 70 Peine
33%
RB 58 Vechta
33%
RB 38 Walsrode
33%
RB 42, RB 43, RB 45 Wolfenbüttel
33%
RE 3 Bad Bevensen
30%
RB 38 Bad Fallingbostel
30%
RS 4 Brake (Unterweser)
30%
RS 1 Bremen-Sebaldsbrück
30%
RS 1 Bremen-Vegesack
30%
RB 40 Helmstedt
30%
RB 38 Hodenhagen
30%
RB 41 Klecken
30%
RE 2, RB 80, RB 81, RB 82 Northeim (Han)
30%
RE 18, RE 60, RE 62, RB 58, RB 61 Osnabrück Altstadt
30%
RE 60, RE 70, S 1 Stadthagen
30%
S 5 Bad Münder
27%
RE 18, RB 58 Bramsche
27%
RB 58, RS 3, RS 4 Bremen-Neustadt
27%
RE 9 Diepholz
27%
RB 58 Ganderkesee
27%
RB 41 Hittfeld
27%
RE 2, RE 3, RB 38, S 4, S 5 Langenhagen Mitte
27%
RE 1 Norddeich Mole
27%
RE 2, RB 80, RB 82 Nörten-Hardenberg
27%
RS 30 Oldenburg-Wechloy
27%
RE 5 Otterndorf
27%
RB 41 Ottersberg (Han)
27%
RE 2, RE 10, S 4 Sarstedt
27%
RB 41 Scheeßel
27%
RE 3, RB 31 Winsen (Luhe)
27%
RB 59 Wittmund
27%
RE 18 Ahlhorn
24%
RE 15 Aschendorf
24%
RB 56, RB 61 Bad Bentheim
24%
RB 47 Bad Bodenteich
24%
S 5 Bad Pyrmont
24%
RE 9, S 2 Bassum
24%
RB 33, RS 2 Bremerhaven-Wulsdorf
24%
RE 1, RE 8 Dörverden
24%
RE 1, RE 8 Eystrup
24%
RE 60, RE 70, S 1, S 2 Haste
24%
S 4, S 5 Langenhagen Pferdemarkt
24%
RE 1 Marienhafe
24%
RE 18 Rastede
24%
RB 77 Rinteln
24%
RE 18, RB 59 Sande
24%
RB 38 Schneverdingen
24%
RB 38 Schwarmstedt
24%
RB 37 Visselhövede
24%
RE 1 Westerstede-Ocholt
24%
S 3, S 7 Ahlten
21%
RS 1 Baden (Kr Verden)
21%
RB 82 Bad Gandersheim
21%
S1, S 2 Bad Nenndorf
21%
S 1, S 2 Barsinghausen
21%
RE 3 Bienenbüttel
21%
RS 2 Bremen-Hemelingen
21%
RS 1 Bremen-St. Magnus
21%
RS 1 Bremen-Walle
21%
RE 60, RE 70, S 1 Bückeburg
21%
RB 77 Coppenbrügge
21%
S 1, S 2 Dedensen-Gümmer
21%
RB 37 Ebstorf (Kr Uelzen)
21%
RS 4 Elsfleth
21%
RE 2, RB 77 Elze (Han)
21%
RE 2, RE 3 Eschede
21%
RE 30, RE 50 Fallersleben
21%
RB 47 Gifhorn Stadt
21%
RE 2, RE 9, RB 83 Hann. Münden
21%
RE 5 Hemmoor
21%
RE 5 Himmelpforten
21%
S 1 Kirchhorsten
21%
RE 9, RS 2 Kirchweyhe
21%
RB 40 Königslutter
21%
RB 41 Lauenbrück
21%
RS 2 Loxstedt
21%
RB 31 Maschen
21%
RB 47 Meine
21%
S 3 Neu Wulmstorf
21%
RB 41 Sagehorn
21%
RE 15, RB 61 Salzbergen
21%
S 3 Sehnde
21%
RB 41 Sottrum
21%
S 5 Springe
21%
RE 4, RE 21, RB 42, RB 43 Vienenburg
21%
RE 50, RB 40 Weddel (Braunschw)
21%
RB 58 Wildeshausen
21%
RE 2 Alfeld (Leine)
18%
RB 31 Ashausen
18%
RB 31 Bardowick
18%
S 4 Bennemühlen
18%
RE 18 Bersenbrück
18%
RS 1 Bremen-Blumenthal
18%
RS 1 Bremen-Oslebshausen
18%
RB 32 Dannenberg Ost
18%
RB 33 Dorum (Weserm)
18%
S 2 Eilvese
18%
RE 18 Essen (Oldb)
18%
RS 1 Etelsen
18%
S 3, S 7 Hannover-Anderten/Misburg
18%
S 1, S 2, S 4, S 5 Hannover Bismarckstraße
18%
S 1, S 2, S 5 Hannover-Linden/Fischerhof
18%
RB 77 Hessisch Oldendorf
18%
RE 10, RB 79 Hildesheim Ost
18%
RE 5, S 3 Horneburg
18%
RE 2, RB 82, RB 84 Kreiensen
18%
S 1, S 2 Letter
18%
S 1 Lindhorst
18%
RB 58 Lohne (Oldb)
18%
RB 31 Meckelfeld
18%
RB 38, S 4 Mellendorf
18%
RE 2, RB 77 Nordstemmen
18%
RS 2 Oldenbüttel
18%
S 6, S7 Otze
18%
RE 18 Quakenbrück
18%
RB 31 Radbruch
18%
RE 10, RB 46 Salzgitter-Ringelheim
18%
RB 45 Schöppenstedt
18%
RB 31 Stelle
18%
RE 2, RE 3 Suderburg
18%
RB 47 Triangel
18%
RE 2, RE 3 Unterlüß
18%
RE 60, RE 70 Vöhrum
18%
RB 38 Wintermoor
18%
RB 47 Wittingen
18%
S 3 Agathenburg
15%
S 3 Algermissen
15%
S 5 Bennigsen
15%
RS 4 Berne
15%
RE 9 Bohmte
15%
RB 47 Braunschweig-Gliesmarode
15%
RS 1 Bremen-Aumund
15%
RS 1 Bremen-Lesum
15%
RS 1 Bremen Turnerstraße
15%
RB 37 Brockhöfe
15%
RE 5 Cadenberge
15%
RE 83 Echem
15%
S 1, S 2 Egestorf (Deister)
15%
RE 2, RB 82, RB 86 Einbeck-Salzderhelden
15%
RB 83, RB 87 Friedland (Han)
15%
RE 15 Geeste
15%
RB 32 Göhrde
15%
S 2 Hagen (Han)
15%
RE 5 Hammah
15%
RB 38 Handeloh
15%
S 1, S 2 Hannover-Leinhausen
15%
S 1, S 2, S 4, S 5 Hannover-Nordstadt
15%
RB 83 Hedemünden
15%
RB 46, RB 80, RB 81 Herzberg (Harz)
15%
RB 32 Hitzacker
15%
RB 84 Holzminden
15%
RE 78 Leese-Stolzenau
15%
RS 2 Lübberstedt
15%
RS 2 Lunestedt
15%
RB 43, RB 82 Oker
15%
RS 4 Rodenkirchen (Oldb)
15%
RB 46 Salzgitter-Bad
15%
RB 44, RB 48 Salzgitter-Lebenstedt
15%
RB 42, RB 43 Schladen (Harz)
15%
RB 61 Schüttorf
15%
RB 38 Soltau Nord
15%
RS 2 Stubben
15%
RB 38 Suerhop
15%
RB 81 Uslar
15%
S 5 Völksen/Eldagsen
15%
RB 47 Wahrenholz
15%
S 1, S 2, S 5 Weetzen
15%
RB 33 Wremen
15%
RE 10 Baddeckenstedt
12%
RE 2 Banteln
12%
RE 2, S 4 Barnten
12%
RS 2 Barrien
12%
RB 32 Bavendorf
12%
RB 79 Bodenburg
12%
RB 81, RB 85 Bodenfelde
12%
RS 3, RS 4 Bookholzberg
12%
RB 42, RB 43 Börßum
12%
RS 1 Bremen Klinikum Bremen Nord/Beckedorf
12%
RS 1 Bremen-Kreinsloger
12%
RS 1 Bremen Mühlenstraße
12%
RS 1 Bremen-Schönebeck
12%
S 3 Dollern
12%
RB 38 Dorfmark
12%
RE 15 Dörpen
12%
S 6, S 7 Ehlershausen
12%
RB 86 Einbeck Mitte
12%
RE 2 Freden (Leine)
12%
RE 2, RE 3 Großburgwedel
12%
RE 60, RE 70 Hämelerwald
12%
S 3, S 6, S 7 Hannover Karl-Wiechert-Allee
12%
S 4, S 5 Hannover-Ledeburg
12%
S 4, S 5 Hannover-Vinnhorst
12%
S 3 Harsum
12%
RE 5 Hechthausen
12%
RS 3, RS 4 Heidkrug
12%
RB 38 Holm-Seppensen
12%
RE 18 Huntlosen
12%
RE 2, RE 3 Isernhagen
12%
RE 18 Jaderberg
12%
S 1, S 2 Kirchdorf (Deister)
12%
RS 4 Kleinensiel
12%
RB 47 Knesebeck
12%
RB 32 Leitstade
12%
RE 9 Lemförde
12%
S 1, S 2 Lemmie
12%
RB 38 Lindwedel
12%
S 2 Linsburg
12%
RE 30 Meinersen
12%
RB 32 Neetzendorf
12%
RB 58 Neuenkirchen (Oldb)
12%
S 3 Neukloster (Kr Stade)
12%
RB 77 Osterwald
12%
S 2 Poggenhagen
12%
S 4 Rethen (Leine)
12%
S 1, S2 Ronnenberg
12%
RE 18 Sandkrug
12%
RE 20 Schnega
12%
RB 59 Schortens-Heidmühle
12%
RE 20 Soltendieck
12%
RB 83 Speele
12%
RB 84 Stadtoldendorf
12%
RE 20, RB 47 Stederdorf (Kr Uelzen)
12%
RB 32 Vastorf
12%
RB 47 Vorhop
12%
RB 32 Wendisch Evern
12%
RE 20, RB 47 Wieren
12%
RE 5 Wingst
12%
RB 38 Wolterdingen (Han)
12%
RB 85 Adelebsen
9%
S 6, S 7 Aligse
9%
RB 79 Bad Salzdetfurth
9%
S 1, S 2 Bantorf
9%
S 4 Bissendorf
9%
RB 59 Burhafe
9%
RB 38 Büsenbachtal
9%
RE 30 Calberlah
9%
RB 32 Dahlenburg
9%
RE 10 Derneburg (Han)
9%
RS 2 Dreye
9%
RB 77, S 4 Emmerke
9%
S 5 Emmerthal
9%
S 1, S 2 Empelde
9%
RB 40 Frellstedt
9%
RB 33 Geestenseth
9%
RB 58 Goldenstedt (Oldb)
9%
RE 18 Großenkneten
9%
S 1, S 2 Hannover-Bornum
9%
S 3, S 7 Hannover Kleefeld
9%
RB 81 Hardegsen
9%
RE 15 Haren (Ems)
9%
RB 33 Harsefeld
9%
S 5 Holtensen/Linderte
9%
RS 3, RS 4 Hoykenkamp
9%
RE 30 Immensen-Arpke
9%
RS 4 Kirchhammelwarden
9%
S 4 Langenhagen-Kaltenweide
9%
RE 15 Lathen
9%
RE 30 Leiferde (b Gifhorn)
9%
RB 58 Mühlen (Oldb)
9%
RB 56 Neuenhaus
9%
RB 33 Nordholz
9%
RB 47 Rötgesbüttel
9%
RB 40 Schandelah
9%
RS 3, RS 4 Schierbrok
9%
RB 47 Schönewörde
9%
RB 46, RB 82 Seesen
9%
RB 33 Sellstedt
9%
RE 60, RE 70 Vechelde
9%
RB 77 Voldagsen
9%
S 1, S 2 Wennigsen
9%
S 1, S 2 Winninghausen
9%
RB 61 Wissingen
9%
RS 3 Wüsting
9%
RE 18, RB 58 Achmer
6%
RB 33 Apensen
6%
RB 80, RB 81 Bad Sachsa
6%
RB 79 Bad Salzdetfurth Solebad
6%
RB 33 Bargstedt
6%
RS 2 Bramstedt (b Syke)
6%
RB 33 Brest-Aspe
6%
RB 61 Bruchmühlen
6%
RE 30 Dedenhausen
6%
RB 45 Dettum
6%
RE 30 Dollbergen
6%
RB 33 Frelsdorf
6%
RB 46 Gittelde/ Bad Grund (Harz)
6%
RB 79 Großdüngen
6%
RE 2, RB 66 Hasbergen
6%
RB 33 Heinschenwalde
6%
RB 46 Herzberg Schloß
6%
RB 33 Hesedorf
6%
RB 58 Hesepe
6%
RB 75 Hilter
6%
RB 58 Holdorf (Oldb)
6%
RB 82 Langelsheim
6%
RE 50 Lengede-Broistedt
6%
RB 85 Lenglern
6%
RB 58 Lutten
6%
RE 2, RB 66 Natrup-Hagen
6%
RB 33 Oerel
6%
RB 75 Oesede
6%
RB 75 Osnabrück-Sutthausen
6%
RB 46 Osterode (Harz)-Leege
6%
RB 46 Osterode (Harz) Mitte
6%
RB 58 Rechterfeld
6%
RB 58 Rieste
6%
RB 33 Ruschwedel
6%
RB 44 Salzgitter-Watenstedt
6%
RB 58 Steinfeld (Oldb)
6%
RB 81 Volpriehausen
6%
RB 80, RB 81 Walkenried
6%
RB 33 Wehdel
6%
RB 75 Wellendorf
6%
RB 79 Wesseln
6%
RB 61 Westerhausen
6%
RE 50 Woltwiesche
6%
RB 80, RB 81 Wulften
6%
RB 80, RB 81 Bad Lauterberg im Harz Barbis
3%
RE 9 Barnstorf (Han)
3%
RB 58 Brettorf
3%
RB 75 Dissen-Bad Rothenfelde
3%
RB 86 Einbeck Otto-Hahn-Straße
3%
RB 80, RB 81 Hattorf
3%
RE 50 Hoheneggelsen
3%
RB 80, RB 81 Katlenburg
3%
RB 75 Kloster Oesede
3%
RB 33 Kutenholz
3%
RB 85 Lauenförde-Beverungen
3%
RE 15 Leschede
3%
RB 85 Lödingsen
3%
RB 46 Münchehof (Harz)
3%
RB 56 Neuenhaus Süd
3%
RB 56 Nordhorn-Blanke
3%
RB 85 Offensen
3%
RB 56 Quendorf
3%
RB 44 Salzgitter-Immendorf
3%
RB 44, RB 48 Salzgitter-Thiede
3%
Keine übereinstimmenden Quizze gefunden
Verteilung der Resultate
Anzahl Personen mit jedem Resultat
Perzentil nach korrekt beantworteten Fragen
Ihre Resultats-Entwicklung
Sie haben dieses Quiz seit der letzten Aktualisierung nicht gespielt